00843nam a2200157 a 450000100100000000500170001000800410002704000250006808200140009310000390010724503170014626000740046330000190053795201120055699900170066800003602120200930074815.0110523s1956 dr 000 | fre d aDO-SdBNPbfrecBNPHU axxxbD6111 aÁlvarez Sánchez, Virgio96206310aDiscours prononce le 24 de octobre 1956 a ciudad Trujillo par Me. Virgio Álvarez Sanchez, Secretaire d´etat des finances et president du conseil monetaire de la Republique Dominicaine, a l´inauguration solennelle de l´edifice de la Banque Centrale d´emission de la Republique /cVirgio Álvarez Sánchez. aCiudad Trujillo, República Dominicana :bEditora del Caribe,c1956. a12 p ;c24 cm. 0010718PDaPDbPDcCTd2011-11-23iLF1l0oxxx D611p36021-10r2020-06-25w2020-06-25yLFPDZNo se presta c35512d35512